Hombre y Sociedad en la Antigüedad y el Renacimiento
Uloženo v:
| Médium: | Kniha |
|---|---|
| Jazyk: | Undetermined |
| Vydáno: |
San José, Costa Rica
La Mini
1990
|
| Témata: | |
| Tagy: |
Přidat tag
Žádné tagy, Buďte první, kdo vytvoří štítek k tomuto záznamu!
|
MARC
| LEADER | 00000nam a2200000Ia 4500 | ||
|---|---|---|---|
| 008 | 170316s9999 xx 000 0 und d | ||
| 090 | |a 100 H-29.4h | ||
| 245 | |a Hombre y Sociedad en la Antigüedad y el Renacimiento | ||
| 260 | |a San José, Costa Rica | ||
| 260 | |b La Mini | ||
| 260 | |c 1990 | ||
| 300 | |a 232 páginas | ||
| 650 | |a FILOSOFÍA | ||
| 650 | |a HISTORIA | ||
| 650 | |a HOMBRE Y SOCIEDAD - RENACIMIENTO | ||
| 999 | |c 16494 |d 16494 | ||
| 040 | |a cru BVZT | ||
| 942 | |c 15 D |h 100 H-29.4h |2 z | ||
